| 000 | 00401 a2200169 4500 | ||
|---|---|---|---|
| 001 | 183291 | ||
| 020 | _a | ||
| 040 | _cMagnum | ||
| 100 | _aAmado, Jorge | ||
| 240 | 1 | 0 |
_aOs velhos marinheiros ou o capitão de longo curso _lpor |
| 245 | 1 | 0 | _aOs velhos marinheiros ou o capitão de longo curso |
| 300 | _a243 | ||
| 362 | 0 | _a1979 | |
| 440 | 1 | _aRecord | |
| 697 | _aLITERATURA GERAL | ||
| 942 | _cBK | ||
| 999 |
_c183291 _d183291 |
||